[Event "Xtracon Chess Open 2017"]
[Site "Helsingor DEN"]
[Date "2017.07.23"]
[Round "2.100"]
[White "Thuesen, Mogens"]
[Black "Bernstein, Jonas August"]
[Result "1-0"]
[WhiteElo "2170"]
[BlackElo "1665"]
[WhiteFideId "1400878"]
[BlackFideId "1532154"]
[EventDate "2017.07.22"]

1. e4 c6 2. d4 d5 3. exd5 cxd5 4. c4 Nf6 5. Nc3 e6 6. Nf3 Nbd7 7. cxd5 exd5 8.
Bf4 Bb4 9. Bd3 O-O 10. O-O Bxc3 11. bxc3 Re8 12. Qb3 Nf8 13. c4 dxc4 14. Bxc4
Be6 15. Rac1 Bxc4 16. Rxc4 Ne6 17. Bg3 Qd5 18. Rfc1 Ne4 19. Bc7 h6 20. h3 N6g5
21. Nxg5 Nd2 22. Qd3 Nxc4 23. Qh7+ Kf8 24. Rxc4 hxg5 25. Rc5 Qxd4 26. Rxg5 Rac8
27. Rxg7 Rxc7 28. Qh8+ Ke7 29. Rxf7+ Kxf7 30. Qxd4 a6 31. Qf4+ 1-0

[Event "Xtracon Chess Open 2017"]
[Site "Helsingor DEN"]
[Date "2017.07.23"]
[Round "2.101"]
[White "Bjornes, Leif"]
[Black "Issakainen, Ari"]
[Result "0-1"]
[WhiteElo "1934"]
[BlackElo "2168"]
[WhiteFideId "1507397"]
[BlackFideId "500330"]
[EventDate "2017.07.22"]

1. d4 f5 2. Nf3 Nf6 3. Bg5 Ne4 4. h4 c5 5. e3 Qb6 6. Nbd2 Nxd2 7. Nxd2 cxd4 8.
Bc4 e6 9. O-O Nc6 10. e4 fxe4 11. Nxe4 Be7 12. Qh5+ g6 13. Qh6 Bf8 14. Nf6+ Kf7
15. Nd5 Qa5 16. b4 Nxb4 17. Bd8 Bxh6 0-1

[Event "Xtracon Chess Open 2017"]
[Site "Helsingor DEN"]
[Date "2017.07.23"]
[Round "2.102"]
[White "Kardoeus, David"]
[Black "Henriksen, Morgan"]
[Result "1-0"]
[WhiteElo "2165"]
[BlackElo "1632"]
[WhiteFideId "12912050"]
[BlackFideId "1510495"]
[EventDate "2017.07.22"]

1. e4 e6 2. d4 d5 3. Nd2 Nf6 4. e5 Nfd7 5. Bd3 c5 6. c3 Nc6 7. Ne2 cxd4 8. cxd4
Be7 9. Nf3 f6 10. Nf4 Bb4+ 11. Kf1 Qe7 12. a3 Ba5 13. b4 Bb6 14. exf6 Nxf6 15.
Be3 O-O 16. b5 Na5 17. Ne5 Bd7 18. g3 Rac8 19. Kg2 Nc4 20. a4 Be8 21. Qe2 g5 22.
Nh3 Nxe3+ 23. Qxe3 h6 24. f4 g4 25. Nf2 h5 26. h3 Qg7 27. hxg4 hxg4 28. Rh4 Bh5
29. Rah1 Qh8 30. Ng6 1-0

[Event "Xtracon Chess Open 2017"]
[Site "Helsingor DEN"]
[Date "2017.07.23"]
[Round "2.103"]
[White "Verboven, Arnout"]
[Black "Ezra, Paul Chambers"]
[Result "0-1"]
[BlackTitle "FM"]
[WhiteElo "1739"]
[BlackElo "2162"]
[WhiteFideId "236012"]
[BlackFideId "20300204"]
[EventDate "2017.07.22"]

1. e4 c5 2. Nc3 Nc6 3. g3 g6 4. Bg2 Bg7 5. d3 Rb8 6. f4 b5 7. Nf3 d6 8. O-O b4
9. Ne2 Nf6 10. h3 h5 11. Nh4 Qb6 12. f5 gxf5 13. Nxf5 Bxf5 14. Rxf5 c4+ 15. Kh1
Ng4 16. Qf1 cxd3 17. cxd3 Nge5 18. Nf4 h4 19. Nh5 Bh6 20. Bxh6 Rxh6 21. Qf4 Rg6
22. Qxh4 Nxd3 23. Ng7+ Kd7 24. Rxf7 Nde5 25. Qh5 Rxg3 26. Qf5+ Kc7 27. Ne6+ Kb7
28. Rh7 Rbg8 29. Qf1 Rxg2 0-1

[Event "Xtracon Chess Open 2017"]
[Site "Helsingor DEN"]
[Date "2017.07.23"]
[Round "2.105"]
[White "Satre, Roger"]
[Black "Haubro, Martin"]
[Result "0-1"]
[BlackTitle "IM"]
[WhiteElo "1832"]
[BlackElo "2365"]
[WhiteFideId "1510320"]
[BlackFideId "1414291"]
[EventDate "2017.07.22"]

1. c4 e6 2. Nc3 d5 3. d4 c6 4. e3 Nd7 5. Nf3 Ngf6 6. Bd3 dxc4 7. Bxc4 b5 8. Bd3
Bd6 9. e4 e5 10. d5 cxd5 11. Nxb5 Bc5 12. Qa4 O-O 13. exd5 e4 14. Bxe4 Nxe4 15.
O-O Ndf6 16. Bf4 Bd7 17. Qb3 Qb6 18. Nc3 Bxf2+ 19. Kh1 Qxb3 20. axb3 Bb6 21. Ne5
Nf2+ 22. Kg1 Nh3+ 23. Kh1 Nxf4 24. Rxf4 Bc7 25. Rxf6 Bxe5 26. Rfa6 Bd4 27. d6
Rfb8 28. Nd5 Rxb3 29. Ne7+ Kf8 30. Nc6 Bxc6 31. Rxc6 Rb6 32. Rxa7 Re8 33. Rc1
Bxb2 34. Rf1 Bf6 35. d7 Rd8 36. Rd1 Be5 37. g3 Rd6 38. Re1 f6 39. Re2 R6xd7 40.
Rxd7 Rxd7 41. g4 Rd1+ 42. Kg2 Rb1 0-1

[Event "Xtracon Chess Open 2017"]
[Site "Helsingor DEN"]
[Date "2017.07.23"]
[Round "2.106"]
[White "Pankaj, Sindhu"]
[Black "Matthiesen, Martin"]
[Result "1-0"]
[BlackTitle "FM"]
[WhiteElo "1837"]
[BlackElo "2349"]
[WhiteFideId "46680357"]
[BlackFideId "1404067"]
[EventDate "2017.07.22"]

1. d4 Nf6 2. c4 g6 3. f3 Bg7 4. e4 d6 5. Nc3 O-O 6. Be3 Nc6 7. Nge2 a6 8. Qd2
Rb8 9. Rc1 Bd7 10. Nd1 e6 11. Nf2 Ne8 12. d5 Ne7 13. Nc3 f5 14. Bd3 e5 15. Bg5
f4 16. b4 h6 17. Bxe7 Qxe7 18. a4 Nf6 19. Qa2 Kh8 20. Nb1 c5 21. bxc5 dxc5 22.
a5 Rfc8 23. Nd2 Ne8 24. Rb1 Nd6 25. Rb6 Qf8 26. Be2 Bf6 27. Qb2 Kh7 28. Nd3 Bh4+
29. Kf1 Bf6 30. Kf2 Qe7 31. Rb1 g5 32. Qa3 Rc7 33. Rxa6 bxa6 34. Rxb8 Nb7 35.
Qb2 Nd6 36. Qb6 Ba4 37. Nxc5 Nxc4 38. Nxc4 Qxc5+ 39. Qxc5 Rxc5 40. d6 Kg6 41.
Nb6 Rxa5 42. d7 Bb5 43. Nd5 Bxd7 44. Rb6 Ra2 45. Nxf6 Bb5 46. Nd5+ Kf7 47. Nc3 1-0

[Event "Xtracon Chess Open 2017"]
[Site "Helsingor DEN"]
[Date "2017.07.23"]
[Round "2.107"]
[White "Sorensen, Viggo"]
[Black "Rewitz, Poul"]
[Result "0-1"]
[BlackTitle "FM"]
[WhiteElo "1680"]
[BlackElo "2310"]
[WhiteFideId "1437410"]
[BlackFideId "1401033"]
[EventDate "2017.07.22"]

1. e4 c6 2. d4 d5 3. Nc3 dxe4 4. Nxe4 Nf6 5. Nxf6+ exf6 6. Nf3 Bd6 7. Be2 Qc7 8.
Be3 Be6 9. O-O Nd7 10. c4 O-O 11. Rc1 Rfd8 12. d5 Bg4 13. h3 Bh5 14. Kh1 c5 15.
Nh4 Bg6 16. Nxg6 hxg6 17. b3 g5 18. Qd2 Re8 19. Rce1 Re7 20. Bd1 Rae8 21. Bc2 g6
22. Rd1 Kg7 23. Kg1 g4 24. Bh6+ Kh7 25. hxg4 Re2 26. Qc1 Rxc2 27. Qxc2 Kxh6 28.
Rd3 Kg7 29. Rh3 Qb8 30. Qd2 Bf4 31. Qd1 Re4 32. g3 Rd4 33. Qf3 Bd2 34. Qh1 Nf8
35. Rd1 Qe5 36. d6 Qe2 37. Rf1 b6 38. Qc6 Qe6 39. Qb7 Qxg4 40. Rh4 Qd7 41. Qxd7
Nxd7 42. Rd1 Rxd6 43. Re4 Kf8 44. Kg2 f5 45. Re2 Bf4 46. Rde1 Bg5 47. Re8+ Kg7
48. Ra8 a5 49. f4 Bf6 50. Ree8 Rd2+ 51. Kh3 Bd4 52. Rad8 Nf6 53. Re7 Ng4 0-1

[Event "Xtracon Chess Open 2017"]
[Site "Helsingor DEN"]
[Date "2017.07.23"]
[Round "2.108"]
[White "Miskulin, Dennis"]
[Black "Narheim, Mats"]
[Result "1-0"]
[WhiteElo "2198"]
[BlackElo "1519"]
[WhiteFideId "1705520"]
[BlackFideId "1518607"]
[EventDate "2017.07.22"]

1. e4 c5 2. Nf3 g6 3. d4 cxd4 4. Nxd4 Bg7 5. c4 Nc6 6. Be3 Nf6 7. Nc3 O-O 8. Be2
d6 9. O-O Bd7 10. f3 Qc8 11. Qd2 Re8 12. Rac1 b6 13. Rfd1 Qb7 14. Bf1 Rac8 15.
b3 h5 16. h3 Kh7 17. g4 hxg4 18. hxg4 Rh8 19. Be2 Kg8 20. Kg2 Ne5 21. Rh1 Nh7
22. Rh3 g5 23. Bxg5 Nxg5 24. Rxh8+ Kxh8 25. Qxg5 Ng6 26. Nf5 Bxf5 27. gxf5 Nf8
28. Rh1+ Kg8 29. Nd5 Re8 30. f6 Ne6 31. Qg3 exf6 32. Nxf6+ Kf8 33. Qxd6+ Qe7 34.
Nxe8 Kxe8 35. Qxe7+ Kxe7 36. Kg3 Be5+ 37. Kg4 Nd4 38. Bd3 Ne6 39. c5 Nxc5 40.
Bc4 Nd7 41. Kf5 1-0

[Event "Xtracon Chess Open 2017"]
[Site "Helsingor DEN"]
[Date "2017.07.23"]
[Round "2.109"]
[White "Nettelbeck, Jann"]
[Black "Eriksson, Christian Altenburg"]
[Result "1/2-1/2"]
[WhiteElo "1790"]
[BlackElo "2156"]
[WhiteFideId "12975672"]
[BlackFideId "1412159"]
[EventDate "2017.07.22"]

1. d4 Nf6 2. c4 e6 3. Nc3 Bb4 4. Qc2 O-O 5. e4 d6 6. a3 Bxc3+ 7. bxc3 c5 8. Bd3
Qc7 9. Bg5 Nbd7 10. Nf3 e5 11. d5 h6 12. Bd2 Kh8 13. O-O Qd8 14. Ne1 Nh5 15. g3
Rg8 16. Be2 Nhf6 17. f4 exf4 18. Bxf4 Qe7 19. Bd3 Ne5 20. Bxe5 dxe5 21. Ng2 Bh3
22. Qf2 Rgf8 23. Rfe1 Bxg2 24. Qxg2 Ne8 25. Ra2 Nd6 26. Rb2 Qc7 27. Qc2 Qa5 28.
a4 Rae8 29. g4 Qd8 30. Qg2 Qg5 31. Qg3 f6 32. h4 Qf4 33. Kg2 g5 34. h5 Qxg3+ 35.
Kxg3 Rb8 36. Reb1 Kg7 37. Kf3 Rf7 38. Ke3 Kf8 39. a5 Ke7 40. Be2 Kd8 41. Kd3 Kc7
42. a6 Rff8 43. axb7 Rxb7 44. Rxb7+ Nxb7 45. Bd1 Nd6 1/2-1/2

[Event "Xtracon Chess Open 2017"]
[Site "Helsingor DEN"]
[Date "2017.07.23"]
[Round "2.110"]
[White "Loveid, Erik"]
[Black "Nielsen, Thomas Bach2"]
[Result "0-1"]
[WhiteElo "1640"]
[BlackElo "2144"]
[WhiteFideId "1520067"]
[BlackFideId "1401785"]
[EventDate "2017.07.22"]

1. Nf3 f5 2. g3 Nf6 3. Bg2 g6 4. O-O Bg7 5. c4 O-O 6. Nc3 d6 7. d4 Nc6 8. b3 a6
9. Bb2 e5 10. dxe5 dxe5 11. Qxd8 Rxd8 12. Rfd1 Rxd1+ 13. Rxd1 e4 14. Nd4 Nxd4
15. Rxd4 Be6 16. Rd1 b5 17. c5 Kf7 18. b4 Ng4 19. Rd2 Ne5 20. Rc2 Rd8 21. Rc1
Nc4 22. Ba1 Rd2 23. a4 Bxc3 24. Bxc3 Rxe2 25. axb5 axb5 26. Bf1 Ra2 27. Bxc4
Bxc4 28. Ra1 Rc2 29. Bd4 Be2 30. Be3 Bf3 31. Rb1 c6 32. h4 Ke6 33. Kf1 Kd5 34.
Bf4 Kc4 35. Ke1 Re2+ 36. Kf1 Ra2 37. Ke1 Kd3 38. Be3 Re2+ 39. Kf1 Kc2 40. Ra1
Kb2 41. Bd4+ Kb3 42. Rb1+ Kc4 43. Be3 Rc2 44. Ke1 Kc3 45. Bf4 Re2+ 46. Kf1 Ra2
47. Ke1 Be2 48. Rc1+ Kd4 49. Be3+ Kd5 50. Bd2 Bd3 51. Be3 Rb2 52. Bd2 h6 53. Rc3
g5 54. hxg5 hxg5 55. Be3 Rxb4 56. Bxg5 Rb1+ 57. Bc1 b4 0-1

[Event "Xtracon Chess Open 2017"]
[Site "Helsingor DEN"]
[Date "2017.07.23"]
[Round "2.111"]
[White "Vestergaard, Jorn"]
[Black "Christiansen, Jens Jorgen"]
[Result "1/2-1/2"]
[WhiteElo "1661"]
[BlackElo "2131"]
[WhiteFideId "1419480"]
[BlackFideId "1401670"]
[EventDate "2017.07.22"]

1. d4 d5 2. Bg5 Nf6 3. Bxf6 exf6 4. Nf3 Bg4 5. e3 c6 6. c4 Bb4+ 7. Nc3 O-O 8.
Qb3 Qa5 9. cxd5 cxd5 10. Be2 Bxc3+ 11. Qxc3 Nc6 12. Qxa5 Nxa5 13. b3 Rfc8 14.
Kd2 Rc7 15. Rac1 Rac8 16. Rxc7 Rxc7 17. Rc1 Rxc1 18. Kxc1 Kf8 19. Kd2 Ke7 20. h3
Bd7 21. Kc3 Kd6 22. Ne1 b6 23. Nc2 Nc6 24. a4 f5 1/2-1/2

[Event "Xtracon Chess Open 2017"]
[Site "Helsingor DEN"]
[Date "2017.07.23"]
[Round "2.112"]
[White "Maselli, David"]
[Black "Rishovd, Svein"]
[Result "0-1"]
[WhiteElo "1568"]
[BlackElo "2092"]
[WhiteFideId "2814159"]
[BlackFideId "1513060"]
[EventDate "2017.07.22"]

1. d4 d5 2. c4 dxc4 3. e3 e5 4. d5 c6 5. Bxc4 Nf6 6. Nc3 Bb4 7. dxc6 Qxd1+ 8.
Kxd1 Nxc6 9. Nd5 Bg4+ 10. f3 O-O-O 11. e4 Nxd5 12. exd5 Be6 13. Ke2 Bxd5 14. Bd3
Rhe8 15. Bf5+ Kb8 16. Be3 g6 17. Be4 Nd4+ 18. Kf2 Bxe4 19. fxe4 Nc2 20. Rf1 Rd3
21. Bh6 f5 22. exf5 gxf5 23. Ke2 Rd6 24. Bc1 Nd4+ 25. Kf2 Rc8 26. Rd1 Rc2+ 27.
Kf1 Ne2 28. Rxd6 Rxc1+ 29. Kxe2 Bxd6 30. Kd2 Ra1 31. a4 Bc5 0-1

[Event "Xtracon Chess Open 2017"]
[Site "Helsingor DEN"]
[Date "2017.07.23"]
[Round "2.114"]
[White "Crevatin, Leo"]
[Black "Christiansen, Torsten Sundgaar"]
[Result "1/2-1/2"]
[WhiteElo "2044"]
[BlackElo "1718"]
[WhiteFideId "1726307"]
[BlackFideId "1419714"]
[EventDate "2017.07.22"]

1. d4 f5 2. Bf4 Nf6 3. e3 d5 4. Nf3 e6 5. h3 Nc6 6. Be2 Be7 7. Nbd2 Ne4 8. Nxe4
dxe4 9. Nd2 Bd6 10. Bxd6 cxd6 11. c3 d5 12. Nb3 b6 13. Bb5 Bd7 14. Qe2 Qc8 15.
Ba6 Qc7 16. a4 O-O 17. O-O f4 18. exf4 Qxf4 19. f3 exf3 20. Rxf3 Qd6 21. Raf1
Rxf3 22. Rxf3 Rf8 23. Re3 Rf6 24. Nd2 Ne7 25. Bb5 h6 26. Nf3 Nf5 27. Re5 Ng3 28.
Qe1 Bxb5 29. axb5 Ne4 30. Qa1 Qd7 31. c4 Ng5 32. Nxg5 hxg5 33. cxd5 exd5 34. Qa2
Qxb5 35. Qxd5+ Qxd5 36. Rxd5 g4 37. hxg4 Kf8 38. g5 Rf7 39. Rd8+ Ke7 40. Rg8 Ke6
41. g6 Rd7 42. Re8+ Kf6 43. Re4 Kxg6 44. Kf2 Kf6 45. Kf3 Rd5 46. b3 a5 47. Ke3
Rh5 1/2-1/2

[Event "Xtracon Chess Open 2017"]
[Site "Helsingor DEN"]
[Date "2017.07.23"]
[Round "2.115"]
[White "Damm-Frydenberg, Anders"]
[Black "Kocur, Marc"]
[Result "0-1"]
[WhiteElo "1614"]
[BlackElo "1934"]
[WhiteFideId "1462970"]
[BlackFideId "205036"]
[EventDate "2017.07.22"]

1. e4 Nc6 2. Nf3 d6 3. d4 Bg4 4. Be2 e6 5. Be3 Nf6 6. Nbd2 d5 7. e5 Nd7 8. O-O
Ne7 9. c4 h6 10. c5 g5 11. b4 Bg7 12. Ne1 Bxe2 13. Qxe2 Nf5 14. Qh5 Nf8 15. g4
Nxe3 16. fxe3 Qe7 17. Nd3 Ng6 18. a4 O-O 19. Rf2 Kh7 20. Raf1 c6 21. Kg2 a5 22.
Rb1 f6 23. bxa5 fxe5 24. Rxf8 Rxf8 25. Nf3 Rxf3 26. Kxf3 e4+ 27. Ke2 exd3+ 28.
Kxd3 e5 29. Qh3 exd4 30. Qg3 Qe4+ 0-1

[Event "Xtracon Chess Open 2017"]
[Site "Helsingor DEN"]
[Date "2017.07.23"]
[Round "2.116"]
[White "Rasmussen, Allan Stig"]
[Black "Gutierrez Bolado, Juan Antonio"]
[Result "1-0"]
[WhiteTitle "GM"]
[WhiteElo "2540"]
[BlackElo "1696"]
[WhiteFideId "1406000"]
[BlackFideId "2298708"]
[EventDate "2017.07.22"]

1. d4 d5 2. Nf3 Nf6 3. c4 c6 4. Nbd2 Bf5 5. Nh4 Be4 6. f3 Bg6 7. Qb3 Qb6 8. Qxb6
axb6 9. cxd5 Nxd5 10. Nxg6 hxg6 11. Kf2 e6 12. Nb3 Nd7 13. a3 Be7 14. e4 Nc7 15.
Bf4 Rc8 16. Be2 O-O 17. g3 Nf6 18. Rhd1 Rfd8 19. Be3 Na8 20. a4 Rd7 21. a5 b5
22. a6 b6 23. Rdc1 Rdc7 24. Bf4 1-0

[Event "Xtracon Chess Open 2017"]
[Site "Helsingor DEN"]
[Date "2017.07.23"]
[Round "2.117"]
[White "Dauth, Benjamin"]
[Black "Werner, Jakob"]
[Result "1-0"]
[WhiteTitle "FM"]
[WhiteElo "2332"]
[BlackElo "1690"]
[WhiteFideId "4688104"]
[BlackFideId "1426850"]
[EventDate "2017.07.22"]

1. e4 d6 2. d4 Nf6 3. Bd3 g6 4. c3 Bg7 5. Bg5 O-O 6. f4 c5 7. dxc5 dxc5 8. e5
Nd5 9. Be4 h6 10. Qxd5 Qxd5 11. Bxd5 hxg5 12. fxg5 Bxe5 13. Nf3 Bg7 14. Nbd2 Nd7
15. O-O-O Nb6 16. Be4 Na4 17. Bc2 Nb6 18. Ne4 Nc4 19. Nxc5 Ne3 20. Rd2 Nxc2 21.
Rxc2 b6 22. Nb3 Re8 23. Re1 Ba6 24. Ne5 Bb7 25. Nd4 Bxe5 26. Rxe5 Rad8 27. Rce2
Rd7 28. b3 a6 29. a4 Kf8 30. Rf2 Kg7 31. Kb2 Rc8 32. Rfe2 e6 33. g3 Rdc7 34.
R2e3 Rd7 35. a5 b5 36. Ka3 Bd5 37. Kb4 Rdc7 38. Ne2 Bb7 39. Rd3 Bg2 40. Nf4 Bb7
41. h4 Rh8 42. Rxe6 1-0

[Event "Xtracon Chess Open 2017"]
[Site "Helsingor DEN"]
[Date "2017.07.23"]
[Round "2.118"]
[White "Nielsen, Peter"]
[Black "Kolvig, Bent"]
[Result "0-1"]
[WhiteElo "1694"]
[BlackElo "2230"]
[WhiteFideId "1707485"]
[BlackFideId "1400746"]
[EventDate "2017.07.22"]

1. e4 c6 2. d4 d5 3. exd5 cxd5 4. Bd3 Nc6 5. c3 Nf6 6. Bf4 g6 7. Ne2 Bg7 8. O-O
O-O 9. Nd2 Re8 10. h3 e5 11. dxe5 Nxe5 12. Bxe5 Rxe5 13. Nf3 Re8 14. Qc2 a6 15.
Rfe1 Qc7 16. Rad1 Be6 17. Nfd4 Nh5 18. Qd2 Be5 19. Nf3 Bd6 20. Ned4 Kg7 21. Qc2
Nf4 22. Ng5 Bd7 23. g3 Nxh3+ 24. Nxh3 Bxh3 25. f4 Bg4 26. Be2 Re3 27. Rd3 Qe7
28. Qd2 Re4 29. Kf2 Re8 30. b3 h5 31. c4 Bb4 0-1

[Event "Xtracon Chess Open 2017"]
[Site "Helsingor DEN"]
[Date "2017.07.23"]
[Round "2.119"]
[White "Nielsen, Leo Kresten Roland"]
[Black "Klings, Peter"]
[Result "0-1"]
[WhiteElo "1688"]
[BlackElo "2146"]
[WhiteFideId "1426095"]
[BlackFideId "4631234"]
[EventDate "2017.07.22"]

1. e4 g6 2. Nf3 Bg7 3. Bc4 e6 4. d4 Ne7 5. Nc3 d5 6. exd5 exd5 7. Bb3 Bg4 8. Be3
Nbc6 9. h3 Bf5 10. Nh4 Be6 11. Qd2 h6 12. O-O-O g5 13. Nf3 Qd7 14. Ne5 Nxe5 15.
dxe5 c6 16. g4 Ng6 17. f4 gxf4 18. Bxf4 O-O-O 19. Qe3 Qc7 20. Rhe1 Qb6 21. Qxb6
axb6 22. Bg3 h5 23. Rd4 hxg4 24. hxg4 Rh3 25. Rd3 Bxg4 26. Nxd5 cxd5 27. Bxd5
Be6 28. Bxe6+ fxe6 29. Rxd8+ Kxd8 30. Bf2 Ke8 31. Bxb6 Nxe5 32. a4 Kd7 33. Kb1
Rh4 34. Rd1+ Kc6 35. Bd4 Re4 36. c3 Bf8 37. b4 Nc4 38. b5+ Kc7 39. Rh1 e5 40.
Rh7+ Kd6 41. Ba7 Be7 42. Kc2 Na5 43. Kd3 Rxa4 44. Bb8+ Ke6 45. Bxe5 Kxe5 46.
Rxe7+ Kd5 47. Rh7 Kc5 48. Rh5+ Kb6 49. Rg5 Rc4 50. Rf5 Rc5 51. Rf7 Kxb5 52. Rd7
Ka4 53. Rd6 Kb5 54. Rd7 Rh5 55. Rf7 b6 56. Rf4 Nc6 57. Kc2 Kc5 58. Kb3 Na5+ 59.
Kc2 Nc4 60. Kb3 b5 61. Rg4 Re5 62. Rg2 Nb6 63. Rg4 Nd5 64. Rg3 Re3 65. Rg5 Rxc3+
66. Kb2 Rd3 67. Kc2 Rf3 68. Rh5 Kc4 69. Rh4+ Rf4 70. Rh8 Rf2+ 71. Kd1 Kd3 72.
Rh3+ Ne3+ 73. Kc1 Re2 74. Rh5 Kc4 75. Rh4+ Kc3 76. Rh1 Rf2 0-1

[Event "Xtracon Chess Open 2017"]
[Site "Helsingor DEN"]
[Date "2017.07.23"]
[Round "2.120"]
[White "Nielsen, John Bauneborg"]
[Black "van den Brink, Nienke"]
[Result "1/2-1/2"]
[WhiteElo "2125"]
[BlackElo "1686"]
[WhiteFideId "1402439"]
[BlackFideId "1452568"]
[EventDate "2017.07.22"]

1. d4 b6 2. c4 e6 3. Nc3 Bb7 4. a3 Nf6 5. Nf3 d5 6. cxd5 Nxd5 7. Qc2 c5 8. e4
Nf6 9. Bb5+ Nbd7 10. d5 exd5 11. e5 Ne4 12. e6 fxe6 13. Nxe4 a6 14. Bxd7+ Qxd7
15. Neg5 Bd6 16. O-O O-O-O 17. Re1 Rde8 18. Ne5 Qc7 19. f4 d4 20. Qe2 Bxe5 21.
Qxe5 Bd5 22. Qxc7+ Kxc7 23. Kf2 h6 24. Nf3 Rhf8 25. h4 Rd8 26. Bd2 Rfe8 27. Rac1
Kd6 28. g4 Rf8 29. g5 Rd7 30. Nxd4 hxg5 31. hxg5 Rh8 32. Ke2 Rh2+ 33. Kd1 Ke7
34. Re2 Rh1+ 35. Re1 cxd4 1/2-1/2

[Event "Xtracon Chess Open 2017"]
[Site "Helsingor DEN"]
[Date "2017.07.23"]
[Round "2.121"]
[White "Sondergaard, Lars"]
[Black "Lunde, Sigmund"]
[Result "0-1"]
[WhiteElo "1686"]
[BlackElo "1932"]
[WhiteFideId "1406973"]
[BlackFideId "1511351"]
[EventDate "2017.07.22"]

1. e4 c5 2. Nf3 e6 3. Nc3 a6 4. d3 Nc6 5. Be3 Nf6 6. Be2 d5 7. exd5 exd5 8. Bg5
Be7 9. O-O Be6 10. d4 b6 11. Re1 h6 12. Be3 Qc7 13. h3 g5 14. dxc5 Bxc5 15. Nh2
d4 0-1

[Event "Xtracon Chess Open 2017"]
[Site "Helsingor DEN"]
[Date "2017.07.23"]
[Round "2.122"]
[White "Sebastian, Andreas"]
[Black "Bremer, Erik"]
[Result "1-0"]
[WhiteElo "1800"]
[BlackElo "1488"]
[WhiteFideId "1529498"]
[BlackFideId "1411578"]
[EventDate "2017.07.22"]

1. c4 Nf6 2. Nc3 e6 3. e3 d5 4. Nf3 c6 5. b3 Nbd7 6. Bb2 Bd6 7. Qc2 O-O 8. Rg1
Ng4 9. h3 Nge5 10. Nxe5 Nxe5 11. f4 Ng6 12. O-O-O e5 13. f5 Nh4 14. g4 Nf3 15.
Rg2 d4 16. Ne4 Be7 17. Be2 Ng5 18. Nf2 f6 19. h4 Nf7 20. Ne4 c5 21. Rdg1 Kh8 22.
Bd3 h6 23. Qd1 a5 24. g5 fxg5 25. exd4 exd4 26. Qh5 Qe8 27. f6 gxf6 28. Nxf6 1-0

[Event "Xtracon Chess Open 2017"]
[Site "Helsingor DEN"]
[Date "2017.07.23"]
[Round "2.123"]
[White "Rosell, Sven"]
[Black "Larsen, Mette Dalsgaard"]
[Result "1-0"]
[WhiteElo "1930"]
[BlackElo "1679"]
[WhiteFideId "1707760"]
[BlackFideId "1430718"]
[EventDate "2017.07.22"]

1. c4 e5 2. Nc3 d6 3. Nf3 Nc6 4. d4 exd4 5. Nxd4 Bd7 6. e4 Nf6 7. Be2 Be7 8. Be3
O-O 9. O-O Ne5 10. h3 c6 11. Qd2 Be6 12. Nxe6 fxe6 13. f4 Nf7 14. Rfd1 Qc7 15.
Qe1 Rad8 16. Qg3 a6 17. Kh1 b5 18. cxb5 axb5 19. Bf3 Kh8 20. Rdc1 Qd7 21. Qf2 e5
22. Rd1 exf4 23. Bxf4 Qe6 24. Qe3 Ne5 25. Be2 b4 26. Nb1 d5 27. Nd2 dxe4 28.
Nxe4 Ng6 29. Nxf6 Qxf6 30. Bg3 Qxb2 31. Bd3 c5 32. Bxg6 hxg6 33. Qxe7 Ra8 34.
Be5 1-0

[Event "Xtracon Chess Open 2017"]
[Site "Helsingor DEN"]
[Date "2017.07.23"]
[Round "2.124"]
[White "Shehzad, Shazil"]
[Black "Meyer, Juergen"]
[Result "0-1"]
[WhiteElo "1678"]
[BlackElo "1928"]
[WhiteFideId "1521942"]
[BlackFideId "24661759"]
[EventDate "2017.07.22"]

1. e4 e6 2. d4 d5 3. Nd2 Nf6 4. e5 Nfd7 5. Bd3 c5 6. c3 Nc6 7. Ne2 cxd4 8. cxd4
f6 9. exf6 Nxf6 10. O-O Bd6 11. Nf3 Qc7 12. Bg5 O-O 13. Bh4 Nh5 14. Qc2 h6 15.
Bh7+ Kh8 16. Bg6 Rxf3 17. Bxh5 Rf8 18. Bg3 Bxg3 19. fxg3 Bd7 20. Nf4 Kg8 21. Qc5
Qb6 22. Qd6 Qxd4+ 23. Kh1 Rad8 24. h3 Qb4 25. Qxb4 Nxb4 26. a3 Nc6 27. Rfe1 Rf6
28. h4 Kh7 29. Re2 Nd4 30. Re5 g6 31. Bg4 Nf5 32. Kh2 Rc8 33. Rae1 Rc6 34. Bh3
h5 35. Bxf5 Rxf5 36. Rxf5 gxf5 37. Nxh5 Kg6 38. Nf4+ Kf6 39. Re2 Rd6 40. Kg1 e5
41. Nd3 Bb5 42. Rd2 Bxd3 43. Rxd3 d4 44. Kf1 Rb6 45. Rd2 Ke6 46. Ke2 Kd5 47. Kd3
Rb3+ 48. Ke2 Rxg3 49. Kf2 f4 50. Rc2 Rb3 51. a4 d3 52. Rd2 e4 53. Ke1 Kd4 54. h5
e3 55. Rd1 Rxb2 56. h6 Rxg2 57. Kf1 Rh2 58. Kg1 Rxh6 59. a5 0-1

[Event "Xtracon Chess Open 2017"]
[Site "Helsingor DEN"]
[Date "2017.07.23"]
[Round "2.125"]
[White "Alfven, Jorgen"]
[Black "Madsen, Svend"]
[Result "1-0"]
[WhiteElo "1927"]
[BlackElo "1673"]
[WhiteFideId "1715950"]
[BlackFideId "1419846"]
[EventDate "2017.07.22"]

1. d4 d5 2. Bf4 Nf6 3. Nf3 e6 4. e3 c5 5. c3 c4 6. Nbd2 Be7 7. Qc2 Nh5 8. Bg3 f5
9. Be2 Nxg3 10. hxg3 Nd7 11. b3 b5 12. a4 cxb3 13. Qxb3 bxa4 14. Qxa4 O-O 15.
O-O Bf6 16. c4 Nb6 17. Qa2 dxc4 18. Nxc4 Bb7 19. Nxb6 Qxb6 20. Rab1 Bd5 21. Qa3
Qd8 22. Rfc1 Be7 23. Qa4 Bd6 24. Bc4 Bxc4 25. Qxc4 Qd7 26. Qa6 Rab8 27. Ra1 Rb7
28. Rc6 Rb6 29. Rxb6 axb6 30. Qxb6 Rb8 31. Qa6 h6 32. Rc1 Kf7 33. Qa5 Rb5 34.
Qa2 g5 35. Rc5 Kf6 36. Rxb5 Qxb5 37. Qa7 Qb1+ 38. Kh2 f4 39. exf4 gxf4 40. Qd7
fxg3+ 41. fxg3 Qb8 42. Kh3 Bxg3 43. d5 exd5 44. Qxd5 Bf4 45. Qd4+ Kf7 46. Qd7+
Kf6 47. Nd4 Qe5 48. Qd8+ Qe7 49. Qh8+ Qg7 50. Qxg7+ Kxg7 51. Ne6+ 1-0